000
00348nam a2200145Ia 4500
008
220923s9999 xx 000 0 und d
020
_a
978-81-8038-919-1
082
_b
AGN
100
_a
AGNIHOTRI, ANUBHUTI
245
0
_a
INDIAN LEGAL THEORY
260
_b
LEXIS NEXIS, GURGAON
_c
2013
300
_a
127
650
_a
Legal Studies
942
_c
BK
999
_c
195152
_d
195152